000
00288nam a22001337a 4500
008
170526b xxu||||| |||| 00| 0 eng d
020
_a
9283310357
041
_a
eng
080
_a
62
100
_a
25
101
_a
IM
245
_a
GUIDE TO QUALITY CONTROL
_c
ISIKAWA,K
942
_2
udc
_c
BK
999
_c
14341
_d
14341